000 00434nam a22001697a 4500
003 OSt
005 20140310181752.0
008 130628t xxu||||| |||| 00| 0 eng d
050 _aQC 256
_b.Ex96 [ca.1990]
082 _aFIL 536
_bG29 19
245 _aExperiments with heat /
260 _aManila :
_bDon Bosco,
_c19__.
300 _a24 p. ;
_bill. ;
_c28 cm.
650 _aScience and Technology
942 _2lcc
_cBK
999 _c3284
_d3284